| 000 | 00700cam a22002413a 4500 | ||
|---|---|---|---|
| 001 | 19823 | ||
| 003 | PGUSA | ||
| 005 | 20140828083423.0 | ||
| 008 | 061116s2006||||xxu|||||s|||||000 | eng d | ||
| 040 |
_aPGUSA _beng |
||
| 042 | _adc | ||
| 050 | 4 | _aBM | |
| 100 | 1 |
_aWolff, A. A. _q(Abraham Alexander), _d1801-1891 |
|
| 245 | 1 | 0 |
_aGebete für Israeliten _h[electronic resource] / _cA. A. Wolff |
| 260 |
_bProject Gutenberg, _c2006 |
||
| 506 | _aPublic domain in the USA. | ||
| 516 | _aElectronic text | ||
| 653 | _aJews -- Prayer-books and devotions -- German | ||
| 653 | _aReform Judaism | ||
| 830 | 0 |
_aProject Gutenberg _v19823 |
|
| 856 | 4 | 0 | _uhttp://www.gutenberg.org/ebooks/19823 |
| 942 | _cEB | ||
| 999 |
_c249078 _d249078 |
||